| 000 | 00663nam a2200241Ia 4500 | ||
|---|---|---|---|
| 005 | 20250425162715.0 | ||
| 008 | 250425s9999 xx 000 0 und d | ||
| 020 | _a9789587710236 | ||
| 041 | _aspa | ||
| 082 | _a658.4012 | ||
| 100 | _aMORA GARCIA, LUIS ANIBAL | ||
| 245 | 0 | _aLOGISTICA INVERSA Y AMBIENTAL: RETOS Y OPORTUNIDADES EN LAS ORGANIZACIONES MODERNAS | |
| 250 | _a1 A ED. | ||
| 260 | _aBOGOTA | ||
| 260 |
_aColombia _bECOE EDICIONES _c2013 |
||
| 300 | _a108 | ||
| 650 | _aESTRATEGIAS DE INVERSION | ||
| 650 | _aLOGISTICA DE NEGOCIOS | ||
| 650 | _aLOGISTICA INVERSA | ||
| 700 | _aMARTIN PEÑA, MARA LUZ | ||
| 942 | _c01 | ||
| 010 | _a100565 | ||
| 999 |
_c234816 _d234816 |
||